000 02518cab a2200277 ab4500
005 20240823134210.0
008 991125c2016 cr tr p o 000 0 spa d
035 _aUPN01000226985
040 _aMX-MxUPN
_bspa
_cMX-MxUPN
_eaacr2
049 _aART-E
100 1 _aMartínez Bello, Vladimir Essau
_6- vladimir.martinez@uv.es
100 1 _aMartínez Rojas, Angela
245 1 3 _aLa acción tutorial académica en pequeños grupos :
_buna experiencia educativa con estudiantes universitario
_h[recurso electrónico en línea]
506 0 _aAcceso abierto
520 3 _aEn el presente estudio se plantean tres objetivos. El primero, describir las principales características de un programa de acción tutorial desarrollado en una asignatura de una facultad de formación de profesorado. El segundo, determinar la valoración del grado de importancia que el estudiantado otorga a un grupo de competencias transversales y el grado de conocimiento sobre aspectos relacionados con la metodología de investigación durante el proceso de acción tutorial. El tercero, discutir el papel que juega la acción tutorial en la formación universitaria dentro del nuevo espacio europeo de educación superior. La experiencia se desarrolló en el curso académico 2014-2015. Participaron 36 estudiantes. Se construyeron ad hoc dos cuestionarios. Del análisis de los resultados se destacan cuatro elementos: la interacción entre participantes, la organización percibida y la metodología de la acción tutorial, la valoración positiva sobre el desarrollo de habilidades vinculadas con la investigación y el desarrollo de la actitud crítica. En conclusión, se considera que plasmar en un documento el proceso de impartición de la acción tutorial como experiencia alternativa en la educación superior de las facultades de formación del profesorado contribuirá a esclarecer mecanismos pedagógicos alternativos para favorecer procesos comunicativos y participativos en la formación universitaria que estén más en sintonía con el nuevo espacio europeo de educación superior. Educare
653 0 _aAcción tutorial
653 0 _aEducación infantil
653 0 _aInteracción
653 0 _aEducación superior
773 _gVol. 20, no. 2 (2016), p. 1-26
_tRevista electrónica educare
_x1607-4041
856 4 _uhttps://www.revistas.una.ac.cr/index.php/EDUCARE/article/view/7116
856 4 _uhttps://doi.org/10.15359/ree.20-2.21
902 _aLeonor Sotres/230824
905 _aArticulo
942 _cART-E
999 _c199081
_d199081